Quiz Voiture: Japonaise - Statistiques

Statistiques générales
  • Ce quiz a été pris 259 fois
    243 depuis la dernière actualisation
  • Le résultat moyen est 12 sur 40
Statistiques - réponses
Par images Réponse % Correct
Toyota Supra
88%
Honda Civic Type R
79%
Nissan GTR
77%
Nissan 370Z
76%
Nissan Juke
71%
Mazda MX5
70%
Subaru Impreza
60%
Toyota GT86
55%
Suzuki Swift
54%
Honda S2000
53%
Nissan Skyline R34
48%
Nissan Micra
46%
Subaru BRZ STI
46%
Mitsubishi Lancer Evo
43%
Toyota Aygo
42%
Mazda 3
36%
Toyota MR2
26%
Mazda 2
24%
Toyota Rav 4
24%
Toyota Rav 4
24%
Toyota Corolla
21%
Toyota Land cruiser
18%
Toyota Land Cruiser
18%
Nissan Note
17%
Toyota Hillux
14%
Toyota Hillux
14%
Nissan Navara
10%
Subaru Legacy
9%
Suzuki Jimmy
9%
Infiniti Q50
8%
Infiniti QX80
7%
Honda HRV
6%
Infiniti G35
6%
Infiniti Q30
6%
Suzuki SX4
6%
Lexus IS350
4%
Lexus NX
4%
Toyota Prius C
3%
Nissan Figaro
1%
Nissan Teana
1%
Aucun quiz correspondant
Distribution des résultats
% des personnes avec chaque résultat
Percentile par nombre de réponses
Votre historique - résultats
Vous n’avez pas pris ce quiz depuis la dernière actualisation